00648nam a22001697a 450000500170000001000130001702000260003003500110005603700130006708200100008010000250009024501530011524600430026826000520031127000920036330000230045520201208163247.0 aUR-10957 c300.00a9789390100323 aU-9512 bDBAD/PUB a954.7 aکيو ل د ھير  aميں د ھير ہو ں (لا ہو ر کی تا ر يچ،ثقا فتی،سيا سی،ا و ر ا د بی د ستا و يز ) cکيو ل د ھير  bMein Lahore Hun (Urdu)aby Kewal Dheer aN.Delhi bEducational Publishing Housec2020 ء aH.O.D1/16,Ansari Road,Darya ganj,bN.Delhie110002k45678285,23216162l0091-11-23211540 a220 ص c22 Cm(Hb)